[Event "SVK-chT2B 0910"]
[Site "Slovakia"]
[Date "2010.02.06"]
[Round "8"]
[White "Bojo, Miroslav"]
[Black "Dvoranova, Maria"]
[Result "0-1"]
[WhiteElo "1995"]
[BlackElo "1964"]
[PlyCount "86"]
[EventDate "2009.10.10"]
[EventType "team"]
[EventRounds "11"]
[EventCountry "SVK"]
[SourceTitle "EXT 2011"]
[Source "ChessBase"]
[SourceDate "2010.11.26"]
[SourceVersion "1"]
[SourceVersionDate "2010.11.26"]
[SourceQuality "1"]
[WhiteTeam "Nitra NSK III"]
[BlackTeam "Surany"]
[WhiteTeamCountry "SVK"]
[BlackTeamCountry "SVK"]

1. d4 Nf6 2. c4 g6 3. Nc3 Bg7 4. e4 d6 5. Bd3 e5 6. d5 0-0 7. Nge2 Nbd7 8. b4 c6 9. 0-0 Ne8 10. Be3 f5 11. exf5 gxf5 12. f3 cxd5 13. cxd5 Ndf6 14. Rc1 Qe7 15. Qc2 f4 16. Bf2 Kh8 17. Kh1 Qf7 18. Qb3 Qh5 19. Ng1 Rg8 20. Rfd1 Bh6 21. Nb5 Bf5 22. Nc7 Qg6 23. Bf1 Nxc7 24. Rxc7 b6 25. Qa4 a5 26. b5 Rac8 27. Qc4 Rxc7 28. Qxc7 Bc2 29. Rc1 Bd3 30. g3 fxg3 31. hxg3 Bxc1 32. Qxc1 Bxf1 33. Qxf1 Nxd5 34. Nh3 Qh5 35. Kg2 Qf7 36. Qd3 Qe6 37. a3 h6 38. f4 e4 39. Bd4+ Kh7 40. Qc2 Qg6 41. Qf2 Qg4 42. Ng1 Nxf4+ 43. Kh1 Qh5+ 0-1